Victim of the 'Evil System' : (Record no. 201828)

MARC details
000 -LEADER
fixed length control field 00592nam a2200181 4500
005 - DATE AND TIME OF LATEST TRANSACTION
control field 20240328113135.0
010 ## - LCCN (DPL NO)
LC control number ENG-139949
020 ## - INTERNATIONAL STANDARD BOOK NUMBER
International Standard Book Number 9788194676218
Terms of availability 949.00
035 ## - SYSTEM CONTROL NUMBER
System control number EN-123481
037 ## - SOURCE OF ACQUISITION
Source of stock number/acquisition DBAD
082 ## - DEWEY DECIMAL CLASSIFICATION NUMBER
Classification number 920
100 ## - MAIN ENTRY--PERSONAL NAME
Personal name Thobela, Josiah
245 ## - TITLE STATEMENT
Title Victim of the 'Evil System' :
Statement of responsibility, etc by Josiah Thobela
Remainder of title " I'm a breed of apartheid...read my story !" /
260 ## - PUBLICATION, DISTRIBUTION, ETC. (IMPRINT)
Place of publication, distribution, etc Kolkata
Name of publisher, distributor, etc Exceller Books
Date of publication, distribution, etc 2020
270 ## - ADDRESS
Address G1 Dream Apartment , Degree College Road, Belgharia,
City Kolkata
Postal code 700056
300 ## - PHYSICAL DESCRIPTION
Extent 237p.
Dimensions 21cm(pbk)
942 ## - ADDED ENTRY ELEMENTS (KOHA)
Source of classification or shelving scheme Dewey Decimal Classification
Item type English Books
Classification part 920
Call number suffix THO
Holdings
Withdrawn status Lost status Not for loan Collection code Home library Current library Date acquired Source of acquisition Cost, normal purchase price Full call number Barcode Copy number Cost, replacement price Koha item type
      Non-fiction Narela Narela 28/03/2024 DBAD 949.00 920 THO EN-123481 1 949.00 English Books

© Delhi Public Library
Hit Counter
free hit counter